[Event "Anibal op 3rd"]
[Site "Linares"]
[Date "1996.??.??"]
[Round "?"]
[White "Kozul, Zdenko"]
[Black "Yagupov, Igor"]
[Result "1-0"]
[WhiteElo "2580"]
[BlackElo "2450"]

1.Nf3 d5 2.c4 c6 3.e3 Nf6 4.Nc3 a6 5.Qc2 b5 6.b3 e6 7.Bb2 Bb4 8.g4 O-O 9.g5 Ne8
10.Rg1 bxc4 11.bxc4 Ra7 12.Bd3 g6 13.Ne5 Ng7 14.Ne2 Qd6 15.a3 Ba5 16.c5 Qe7
17.Nd4 Bd7 18.Ndf3 Rb7 19.Ng4 Rc8 20.Be5 Be8 21.Nf6+ Kh8 22.Qa4  1-0

[Event "SWE-chB1"]
[Site "Linkoping"]
[Date "1996.??.??"]
[Round "?"]
[White "Eklund, Lars Goran"]
[Black "Barkhagen, Jonas"]
[Result "1/2-1/2"]
[WhiteElo "2320"]
[BlackElo "2405"]

1.Nf3 d5 2.c4 d4 3.e3 c5 4.b4 g6 5.bxc5 Nc6 6.exd4 Nxd4 7.Bb2 Bg7 8.Nxd4 Bxd4
9.Bxd4 Qxd4 10.Nc3 Bd7 11.Be2 Nf6 12.O-O O-O 13.Rb1 Bc6 14.Nb5 Qxc5 15.d4 Qb6
16.Bf3 Rad8 17.d5 e6 18.Nd6 Qc5 19.Nxb7 Bxb7 20.Rxb7 Qxc4  1/2-1/2

[Event "SWE-ch"]
[Site "Linkoping"]
[Date "1996.??.??"]
[Round "3"]
[White "Astrom, Robert"]
[Black "Jepson, Christian"]
[Result "1/2-1/2"]
[WhiteElo "2425"]
[BlackElo "2380"]

1.Nf3 d5 2.c4 e6 3.d4 c5 4.cxd5 exd5 5.Nc3 Nc6 6.Bg5 Be7 7.Bxe7 Ngxe7 8.e3 c4
9.Be2 O-O 10.O-O Rb8 11.a4 a6 12.Ne5 Na5 13.e4 Be6 14.Bg4 Qd6 15.exd5 Bxg4
16.Qxg4 f6 17.Ne4 f5 18.Nxd6 fxg4 19.Nd7 Rfd8 20.Nxb8 Rxd6 21.Rae1 Kf7 22.Re5 Nb3
23.f3 g3 24.hxg3 Rd8 25.Rfe1 Nxd5 26.g4 h6 27.Kh2 Kf8 28.Kg3 Nf6 29.Nxa6 bxa6
30.Re6 a5 31.Rc6 Rxd4 32.Rc8+ Kf7 33.Rc7+ Nd7 34.Re4 Rxe4 35.fxe4 Nc5 36.Ra7 Ke6
37.Rxa5 Nxe4+ 38.Kf4 Nec5 39.Ke3 Kd5 40.Ra8 Ne5 41.Rd8+ Kc6 42.Rc8+ Kd5 43.Rd8+  1/2-1/2

[Event "SWE-ch"]
[Site "Linkoping"]
[Date "1996.??.??"]
[Round "7"]
[White "Ornstein, Axel"]
[Black "Jepson, Christian"]
[Result "0-1"]
[WhiteElo "2440"]
[BlackElo "2380"]

1.Nf3 d5 2.c4 e6 3.g3 c5 4.Bg2 Nc6 5.O-O d4 6.e3 Nf6 7.exd4 cxd4 8.d3 Be7
9.a3 a5 10.Re1 Nd7 11.Nbd2 O-O 12.Rb1 Re8 13.Nb3 Bf6 14.g4 h6 15.Nbd2 Be7
16.Ne4 Nde5 17.Nxe5 Nxe5 18.Bf4 Ng6 19.Bg3 Rf8 20.f4 a4 21.Nd2 Bd6 22.Rf1 Ra5
23.Be4 Qc7 24.b4 axb3 25.Nxb3 Rxa3 26.Qc1 f5 27.gxf5 exf5 28.Bd5+ Kh7 29.c5 Rxb3
30.Rxb3 Bxc5 31.Be1 b6 32.Bb4 Qd6 33.Bxc5 Qxd5 34.Rxb6 Nh4 35.Rf2 Rf6 36.Kf1 Qh1+
37.Ke2 Qxc1  0-1

[Event "SWE-ch"]
[Site "Linkoping"]
[Date "1996.??.??"]
[Round "11"]
[White "Jepson, Christian"]
[Black "Ernst, Thomas"]
[Result "1/2-1/2"]
[WhiteElo "2380"]
[BlackElo "2410"]

1.Nf3 d5 2.c4 d4 3.e3 Nc6 4.exd4 Nxd4 5.Nxd4 Qxd4 6.Nc3 e5 7.Nb5 Qd8 8.Qe2 f6
9.f4 c6 10.Nc3 Nh6 11.fxe5 Bg4 12.Qf2 Bb4 13.h3 Bh5 14.g4 Bg6 15.a3 Bxc3
16.dxc3 fxe5 17.Bd2 Nf7 18.O-O-O O-O 19.h4 Qa5 20.Qe2 Nd6 21.Be1 Rad8 22.h5 Bf7
23.Bh4 Rd7 24.Qd2 Be6 25.Be2 Nf5 26.Qg5 Nxh4 27.Qxh4 Qc5 28.Rxd7 Bxd7 29.Rd1 Be6
30.Rd8 Qe3+ 31.Kd1 Qb6 32.Rxf8+ Kxf8 33.h6 Qc7 34.Bd3 e4 35.Bxe4 Qf4 36.hxg7+ Kxg7
37.Qxh7+ Kf6 38.Bd3 Qxg4+ 39.Kc2 Bxc4 40.Qh8+ Ke7 41.Qe5+ Be6 42.Qc5+ Kd7
43.Qxa7 Qg2+ 44.Kc1 Qh1+ 45.Kd2 Qh6+ 46.Qe3 Qxe3+ 47.Kxe3 Kc7 48.Kd4 Bb3
49.Bc4 Bd1 50.Ke5 Bc2 51.Be2 Bb3 52.c4 c5 53.Kd5 b6 54.Bd3 Ba4 55.Bg6 Bc6+
56.Ke5 Bd7 57.Bc2 Bc6 58.Bb3 Bd7 59.Bd1 Bc6 60.b3 Bd7 61.Bf3 Be8 62.b4 cxb4
63.axb4 Ba4 64.c5  1/2-1/2

[Event "POR-ch"]
[Site "Lisbon"]
[Date "1996.??.??"]
[Round "6"]
[White "Santos, Marco"]
[Black "Fernandes, Antonio"]
[Result "0-1"]
[WhiteElo "2140"]
[BlackElo "2410"]

1.Nf3 d5 2.c4 d4 3.g3 Nc6 4.d3 g6 5.Bg2 Bg7 6.O-O e5 7.e3 dxe3 8.fxe3 Nge7
9.Nc3 O-O 10.Rb1 Bg4 11.h3 Bxf3 12.Bxf3 Qd7 13.Kh2 Rad8 14.Ne4 b6 15.Nf2 Nb4
16.Qb3 Nxd3 17.Rd1 Qf5 18.Rxd3 Qxf3 19.Qc2 Nf5  0-1

[Event "Litomysl op"]
[Site "Litomysl"]
[Date "1996.??.??"]
[Round "6"]
[White "Jirovsky, Milos"]
[Black "Zolnierowicz, Krzysztof"]
[Result "1-0"]
[WhiteElo "2445"]
[BlackElo "2360"]

1.Nf3 d5 2.c4 e6 3.g3 Nf6 4.Bg2 c5 5.cxd5 exd5 6.d4 Be7 7.O-O O-O 8.Nc3 Nc6
9.b3 Re8 10.Bb2 Bg4 11.dxc5 Bxc5 12.Rc1 Bf8 13.Nd4 Nxd4 14.Qxd4 Bxe2 15.Rfe1 Ba6
16.Nxd5 Nxd5 17.Bxd5 Qa5 18.b4 Rxe1+ 19.Rxe1 Qxb4 20.Bxf7+ Kh8 21.Qxb4 Bxb4
22.Re4 Rf8 23.Bb3  1-0

[Event "Ljubljana op"]
[Site "Ljubljana"]
[Date "1996.??.??"]
[Round "2"]
[White "Ciglic, Boris"]
[Black "Mikac, Matjaz"]
[Result "0-1"]
[WhiteElo "2195"]
[BlackElo "2440"]

1.Nf3 d5 2.c4 c6 3.e3 Nf6 4.Nc3 g6 5.d4 Bg7 6.Bd3 O-O 7.O-O Bg4 8.h3 Bxf3
9.Qxf3 e6 10.Rd1 Nbd7 11.b3 Re8 12.Bb2 Qe7 13.Bf1 a6 14.Rac1 b5 15.cxd5 cxd5
16.Bd3 Nb6 17.Ne2 Rec8 18.Nf4 Qb7 19.Qe2 Ne4 20.Bxe4 dxe4 21.Qd2 Nd5 22.Nxd5 exd5
23.Ba3 a5 24.Rxc8+ Rxc8 25.Bc5 b4 26.Rc1 Rc6 27.Qe2 f5 28.f4 exf3 29.Qxf3 Qd7
30.Qf4 h5 31.Rf1 Kh7 32.Rf3 Re6 33.Rg3 Bh6  0-1

[Event "Ljubljana op"]
[Site "Ljubljana"]
[Date "1996.??.??"]
[Round "6"]
[White "Vukanovic, Sasa"]
[Black "Barle, Janez"]
[Result "1/2-1/2"]
[WhiteElo "2360"]
[BlackElo "2430"]

1.Nf3 d5 2.c4 c6 3.g3 dxc4 4.Bg2 Nf6 5.O-O b5 6.a4 Bb7 7.b3 cxb3 8.Qxb3 a6
9.Ba3 e6 10.Bxf8 Kxf8 11.Rc1 g6 12.Qb2 Kg7 13.Ne5 Re8 14.axb5 axb5 15.Rxa8 Bxa8
16.Nxc6 Nxc6 17.Bxc6 Bxc6 18.Rxc6 Qa8 19.Rb6 Rb8 20.Rxb5 Rxb5 21.Qxb5 Qa2
22.Nc3 Qxd2 23.Qe5 Qc2 24.g4 h6 25.h4 g5 26.hxg5 Qc1+  1/2-1/2

[Event "Mar del Plata op"]
[Site "Mar del Plata"]
[Date "1996.??.??"]
[Round "3"]
[White "Szmetan, Jorge"]
[Black "Monzon, Cristian"]
[Result "1/2-1/2"]
[WhiteElo "2405"]
[BlackElo "2170"]

1.Nf3 d5 2.c4 e6 3.b3 Nf6 4.g3 c5 5.Bg2 Nc6 6.O-O Be7 7.e3 O-O 8.Qe2 b6 9.Bb2 Bb7
10.Rd1 Rc8 11.Nc3 dxc4 12.bxc4 Qc7 13.Ne1 Na5 14.d3 Bxg2 15.Kxg2 Qb7+ 16.Kg1 Rfd8
17.f4 Bf8 18.g4 g6 19.g5 Nh5 20.Ne4 Nxc4 21.Nf6+ Nxf6 22.Bxf6 Nd6 23.Bxd8 Rxd8
24.Qg2 Qa6 25.Nf3 Nf5 26.Qe2 b5 27.Kf2 b4 28.Rac1 Nd6 29.Ne5 Qb7 30.Ng4 Nb5
31.Nf6+ Kh8 32.Qb2 Qc8 33.Ne4+ Kg8 34.Nf6+ Kh8 35.Ne4+ Kg8 36.Rc4 Na3 37.Nf6+ Kh8
38.Ne4+ Bg7 39.Qc1 Nxc4 40.Qxc4 Kg8 41.Qxc5 Qxc5 42.Nxc5  1/2-1/2

[Event "Mar del Plata 1st Rank"]
[Site "Mar del Plata"]
[Date "1996.??.??"]
[Round "5"]
[White "Acosta, Mariano"]
[Black "Cristobal, Ruben"]
[Result "0-1"]
[WhiteElo "2110"]
[BlackElo "2250"]

1.Nf3 d5 2.c4 c6 3.b3 Bf5 4.Nh4 Bd7 5.g3 e5 6.Bb2 Bd6 7.Bg2 Nf6 8.d3 O-O
9.O-O Na6 10.Nc3 Nc7 11.e4 Bg4 12.Qc1 d4 13.Nd1 Nd7 14.f3 Be6 15.Nf5 Bxf5
16.exf5 Nc5 17.Nf2 a5 18.Qd2 Be7 19.f4 exf4 20.Qxf4 Bf6 21.Rad1 Re8 22.Ng4 Bg5
23.Qxd4 Qxd4+ 24.Bxd4 N7a6 25.h4 Bd8 26.Ba1 Bc7 27.Kh2 Nb4 28.d4 Ne4 29.Ne5 Nf6
30.Rf2 Bxe5 31.dxe5 Ng4+ 32.Kg1 Nxf2 33.Kxf2 Rad8 34.Rxd8 Rxd8 35.a3 Rd2+
36.Kf3 Nc2 37.Bb2 Ne1+  0-1

[Event "LTU-ch (Women)"]
[Site "Marijampole"]
[Date "1996.??.??"]
[Round "6"]
[White "Turauskiene, Renata"]
[Black "Milasiute, Vygante"]
[Result "0-1"]
[WhiteElo "2220"]
[BlackElo "2060"]

1.Nf3 d5 2.c4 d4 3.e3 Nc6 4.d3 g6 5.exd4 Nxd4 6.Nxd4 Qxd4 7.Nc3 Bg7 8.Be3 Qd8
9.Be2 e5 10.O-O Ne7 11.Bc5 Be6 12.Bg4 O-O 13.Bxe6 fxe6 14.Qg4 Rf5 15.Ne4 b6
16.Be3 Qd7 17.Rad1 c5 18.h4 Nc6 19.Ng3 Rf7 20.h5 gxh5 21.Qxh5 Raf8 22.Ne4 Rf5
23.Qg4 Kh8 24.Rfe1 Nd4 25.Bg5 h6 26.Qh4 Rxg5 27.Nxg5 Qe7 28.Re4 Qxg5 29.Qxg5 hxg5
30.g4 Kh7 31.Kg2 Kg6 32.Rde1 Nc2 33.Rd1 Nb4 34.a3 Nc6 35.Ra1 Rf7 36.f3 Rd7
37.Rd1 Nd8 38.b4 cxb4 39.axb4 Nc6 40.c5 bxc5 41.bxc5 Rb7 42.Rd2 Kf6 43.Ra4 a5
44.Rda2 Bf8 45.Rc4 Rb3 46.Rd2 Be7 47.Kg3 Bd8 48.Kf2 Bc7 49.Ke3 Nb4 50.Rh2 Nxd3
51.Kd2 Rb2+ 52.Rc2 Rxc2+ 53.Kxc2 Nxc5 54.Kc3 e4 55.Rf2 Bg3 56.Rf1 e3  0-1

[Event "Melbourne Masters"]
[Site "Melbourne"]
[Date "1996.??.??"]
[Round "4"]
[White "Johansen, Darryl K"]
[Black "Levi, Eddy"]
[Result "1-0"]
[WhiteElo "2510"]
[BlackElo "2260"]

1.Nf3 d5 2.c4 c6 3.b3 Nf6 4.g3 Bg4 5.Bg2 Nbd7 6.Bb2 e6 7.O-O Bd6 8.d3 O-O
9.h3 Bh5 10.Nbd2 e5 11.Qc2 a5 12.e4 Bxf3 13.Nxf3 d4 14.Rab1 Nc5 15.a3 Ne6
16.b4 b6 17.c5 bxc5 18.bxc5 Bc7 19.a4 Qe7 20.Ba3 Rfb8 21.h4 Rxb1 22.Rxb1 Rb8
23.Rxb8+ Bxb8 24.Bh3 Bc7 25.Qc4 Nd8 26.Qa6 Nd7 27.Qa7 Nf8 28.Kg2 g6 29.Nd2 Bd6
30.Qxa5 Nb7 31.cxd6  1-0

[Event "Minsk op"]
[Site "Minsk"]
[Date "1996.??.??"]
[Round "3"]
[White "Milov, Leonid"]
[Black "Vinogradov, A."]
[Result "1-0"]
[WhiteElo "2560"]
[BlackElo "2560"]

1.Nf3 d5 2.c4 e6 3.g3 c5 4.Bg2 Bd6 5.d4 dxc4 6.dxc5 Qa5+ 7.Nfd2 Bxc5 8.O-O Qa6
9.Ne4 Nd7 10.Nxc5 Nxc5 11.Qd4 Nb3 12.Qxg7 Bd7 13.Qxh8 O-O-O 14.axb3 Qxa1
15.Na3 Ne7 16.Qc3  1-0

[Event "Minsk op"]
[Site "Minsk"]
[Date "1996.??.??"]
[Round "3"]
[White "Begun, Sergei M"]
[Black "Nedochetov, M."]
[Result "1/2-1/2"]
[WhiteElo "2560"]
[BlackElo "2560"]

1.Nf3 d5 2.c4 c6 3.b3 Bg4 4.e3 Nd7 5.Be2 e6 6.O-O Ngf6 7.Bb2 Bd6 8.Nc3 O-O
9.Rc1 Re8 10.cxd5 exd5 11.Nd4 Bxe2 12.Qxe2 Bf8 13.a3 c5 14.Nf3 d4 15.Nb1 Ne5
16.Nxe5 Rxe5 17.Qc4 Rd5 18.exd4 cxd4 19.Qc7  1/2-1/2

[Event "Minsk op"]
[Site "Minsk"]
[Date "1996.??.??"]
[Round "8"]
[White "Labuckas, Aidas"]
[Black "Koutsin, Sergey"]
[Result "0-1"]
[WhiteElo "2395"]
[BlackElo "2435"]

1.Nf3 d5 2.c4 c6 3.b3 Nf6 4.g3 g6 5.Bg2 Bg7 6.Bb2 O-O 7.O-O Re8 8.d3 Bg4
9.Nbd2 Nbd7 10.h3 Bxf3 11.Bxf3 e5 12.cxd5 cxd5 13.Bg2 a5 14.a3 Nb6 15.Rc1 Qd7
16.e3 Qb5 17.Qc2 Rac8 18.Qb1 Nfd7 19.Rxc8 Rxc8 20.Rc1 Rxc1+ 21.Bxc1 Nc5 22.Bf1 d4
23.Qc2 Nd5 24.exd4 exd4 25.Ne4 Nc3 26.Nxc5 Qxc5 27.Qd2 b6 28.Qg5 Qxg5 29.Bxg5 Be5
30.Bd8 Nd5 31.Bg2 Bf6 32.Bxf6 Nxf6 33.Kf1 Kf8 34.Ke2 Ke7 35.Kf3 g5 36.Ke2 Ke6
37.Bb7 Ke5 38.Kd2 h6 39.Kc2 Ne8 40.Bc6 Nd6 41.b4 axb4 42.a4 h5 43.Kb3 h4
44.Kxb4 hxg3 45.fxg3 f5 46.h4 g4 47.h5 Kf6 48.h6 Kg6 49.a5 bxa5+ 50.Kc5 Nc8
51.Bd7 Ne7 52.Kxd4 Kxh6 53.Ke5 Kg5 54.d4 Ng6+ 55.Kd6 Kf6 56.Kc5 Nf8 57.Bc8 Ne6+
58.Bxe6 Kxe6 59.Kc6 Ke7 60.Kc7 f4 61.d5 fxg3 62.d6+  0-1

[Event "Mondariz op"]
[Site "Mondariz"]
[Date "1996.??.??"]
[Round "?"]
[White "Paunovic, Dragan"]
[Black "Giorgadze, Giorgi"]
[Result "1/2-1/2"]
[WhiteElo "2495"]
[BlackElo "2580"]

1.Nf3 d5 2.c4 c6 3.d4 Nf6 4.e3 g6 5.Nc3 Bg7 6.cxd5 cxd5 7.Bb5+ Nbd7 8.O-O O-O
9.Bd2 a6 10.Be2 b6 11.Qb3 Bb7 12.Rac1 e6 13.Rc2 Ne4 14.Rfc1 Re8 15.Be1 Nd6
16.a4 Rb8 17.Na2 Nc4 18.Nb4 a5 19.Nd3 Qe7 20.Qa2 e5 21.dxe5 Ndxe5 22.Ndxe5 Nxe5
23.Nd4 Nc4  1/2-1/2

[Event "Moscow IM1"]
[Site "Moscow"]
[Date "1996.??.??"]
[Round "?"]
[White "Umanskaya, Irina"]
[Black "Mkrtchan, Lilit"]
[Result "1/2-1/2"]
[WhiteElo "2320"]
[BlackElo "2170"]

1.Nf3 d5 2.c4 e6 3.g3 Nf6 4.Bg2 Be7 5.O-O O-O 6.d4 dxc4 7.Ne5 Nc6 8.Nxc6 bxc6
9.Na3 Bxa3 10.bxa3 Ba6 11.Bxc6 Rb8 12.Qa4 Qc8 13.Bg5 Nd5 14.e4 Nb6 15.Qc2 Bb7
16.Bxb7 Qxb7 17.Be7 Rfc8 18.Bc5 Qc6 19.Rac1 Qd7 20.Rfd1 Qc6 21.h4 h6 22.Qe2 Qb5
23.Rc2 Na4 24.Bxa7 Ra8 25.Bc5 Nxc5 26.dxc5 Qxc5 27.Rxc4 Qxa3 28.Rd7 Qxa2
29.Qf3 Qa1+ 30.Kg2 Qf6 31.Qxf6 gxf6 32.Rcxc7 Rxc7 33.Rxc7 Kg7 34.g4 Ra3 35.f3 Rb3
36.Kg3 Ra3 37.Rc8 Rb3 38.Kf4 Ra3 39.Rc5 Ra4 40.g5 hxg5+ 41.hxg5 fxg5+ 42.Rxg5+ Kf6
43.Rg1 e5+ 44.Kg3  1/2-1/2

[Event "Moscow-D"]
[Site "Moscow"]
[Date "1996.??.??"]
[Round "?"]
[White "Kochetkov, German"]
[Black "Guliev, Sarhan"]
[Result "1/2-1/2"]
[WhiteElo "2385"]
[BlackElo "2505"]

1.Nf3 d5 2.c4 c6 3.e3 Nf6 4.d4 Bf5 5.Nc3 e6 6.Bd3 Bxd3 7.Qxd3 Bb4 8.O-O O-O
9.a3 Be7 10.Rd1 Nbd7 11.e4 Qa5 12.cxd5 exd5 13.e5 Ne8 14.Bg5 Qd8 15.h4 h6
16.Bxe7 Qxe7 17.b4 Nc7 18.b5 Nb6 19.bxc6 bxc6 20.Re1 Nc4 21.Ne2 Rab8 22.Ng3 a5
23.Nf5 Qe6 24.h5 a4 25.N3h4 Rb3 26.Qd1 Kh7 27.Qc2 Kh8 28.f4 Nb5 29.Qd1 Rg8
30.Kh2 Nc3 31.Qc2 Rgb8 32.Qf2 Kh7 33.Rac1 Rg8 34.Kg1 Kh8 35.Ne3 Ne4 36.f5 Qe7
37.Qf4 Nxe3 38.Rxe3 Qg5 39.Rf3 Ng3 40.Qxg5 hxg5 41.Rxg3 Rxg3 42.Nf3 Rc8 43.Kf2 Rg4
44.g3 Kg8 45.Rb1 f6 46.Rb7 Rf8 47.e6 Re4 48.Rb4 c5 49.Rb5 c4 50.Rxd5 Rc8
51.Ne1 g4 52.Nc2 Rb8 53.Nb4 c3 54.Rc5 Rxd4 55.Ke3 Rd1 56.Kf4 Rd4+ 57.Ke3 Rd1
58.Kf4 Rd4+  1/2-1/2

[Event "RUS-Cup2"]
[Site "Moscow"]
[Date "1996.??.??"]
[Round "1"]
[White "Kulikov, Alexander O"]
[Black "Izmukhambetov, Salauat"]
[Result "0-1"]
[WhiteElo "2295"]
[BlackElo "2530"]

1.Nf3 d5 2.c4 c6 3.d4 Nf6 4.Nc3 dxc4 5.a4 Bg4 6.Ne5 Bh5 7.Nxc4 e6 8.Qb3 Na6
9.Bg5 Nb4 10.f3 a5 11.e4 h6 12.Bh4 Be7 13.Rd1 O-O 14.Be2 Nfd5 15.Bxe7 Nxe7
16.O-O Qc7 17.Rd2 Rfd8 18.g3 e5 19.Nxe5 Rxd4 20.Rxd4 Qb6 21.Rd1 Rd8 22.Nd5 cxd5
23.Kg2 Qf6 24.Ng4 Bxg4 25.fxg4 Nec6 26.R4d2 Qe5 27.Qf3 d4 28.Bc4 Qe7 29.Qf5 Ne5
30.Bd5 Nxd5 31.exd5 Nc4 32.Qf2 Nxd2 33.Rxd2 Qe4+ 34.Qf3 Qxd5 35.Qxd5 Rxd5
36.Kf3 Kf8 37.Ke4 Rg5 38.Kf4 Rd5 39.Ke4 Rd6 40.b3 Rg6 41.h3 h5 42.Rxd4 hxg4
43.h4 Rb6 44.Rd3 Ke7 45.Kf4 Rb4+ 46.Ke5 g6 47.Re3 f6+ 48.Kd5+ Kd7 49.Kc5 f5
50.Kd5 f4 51.gxf4 Rxf4 52.Rg3 Ke7 53.Ke5 Rb4 54.Rc3 Kf7 55.Rc7+ Kg8 56.Kf6 g3
57.Kg5 g2 58.Rc1 Rxb3 59.Rg1 Rg3+ 60.Kf4 Ra3 61.Rxg2 Rxa4+ 62.Kg5 Kf7 63.Rc2 Ke6
64.Rc7 Rb4 65.Kxg6 Rxh4 66.Rxb7 Kd6 67.Ra7 a4 68.Kg5 Rb4 69.Kf5 Kd5 70.Ra5+ Kc4
71.Ke4 Kb3+ 72.Kd5 a3 73.Kc5 Ra4  0-1

[Event "Moscow Alekhine op"]
[Site "Moscow"]
[Date "1996.??.??"]
[Round "2"]
[White "Chekhov, Valery A"]
[Black "Rychagov, Andrei"]
[Result "1/2-1/2"]
[WhiteElo "2505"]
[BlackElo "2385"]

1.Nf3 d5 2.c4 e6 3.d4 c5 4.cxd5 exd5 5.Nc3 Nc6 6.dxc5 d4 7.Na4 b5 8.cxb6 axb6
9.e3 Bb4+ 10.Bd2 Bd7 11.Bb5 Ra5 12.Bxc6 Bxd2+ 13.Qxd2 Bxc6 14.b3 Bxa4 15.bxa4 dxe3
16.Qxe3+ Qe7 17.Rc1 Qxe3+ 18.fxe3 Ne7 19.Rc7 Rxa4 20.O-O Re4 21.Ng5 Rxe3
22.Rxf7 h6 23.Rf3 Rxf3 24.Nxf3 Rf8 25.Rb7 Rf6 26.Ne5 Kd8 27.a4 g5 28.h3 Re6
29.Nc4 Nd5 30.Kh2 Kc8 31.Rh7 Nf6 32.Rg7  1/2-1/2

[Event "Moscow Alekhine op"]
[Site "Moscow"]
[Date "1996.??.??"]
[Round "3"]
[White "Shestakov, Sergei S"]
[Black "Osadchenko, Andrei"]
[Result "1-0"]
[WhiteElo "2305"]
[BlackElo "2125"]

1.Nf3 d5 2.c4 d4 3.g3 Nc6 4.Bg2 e5 5.O-O Nf6 6.d3 Bd6 7.e3 O-O 8.exd4 exd4
9.Na3 Bg4 10.h3 Bh5 11.Nc2 Bc5 12.Rb1 a5 13.b3 Re8 14.a3 Qe7 15.Re1 Qf8 16.Rxe8 Rxe8
17.Qd2 Ne5 18.Nxe5 Rxe5 19.g4 Bg6 20.b4 axb4 21.axb4 Ba7 22.Ra1 Bb8 23.Bb2 c5
24.bxc5 Rxc5 25.Ba3 b6 26.Nxd4 Qd6 27.Nf3 h5 28.d4 Ne4 29.dxc5 Qf6 30.Qd4  1-0

[Event "Moscow-ch"]
[Site "Moscow"]
[Date "1996.??.??"]
[Round "4"]
[White "Umanskaya, Irina"]
[Black "Rustemov, Alexander"]
[Result "0-1"]
[WhiteElo "2295"]
[BlackElo "2535"]

1.Nf3 d5 2.c4 e6 3.g3 g6 4.Bg2 Bg7 5.O-O Ne7 6.d3 O-O 7.Nbd2 c5 8.cxd5 exd5
9.d4 b6 10.dxc5 bxc5 11.Qc2 Na6 12.a3 c4 13.e4 Nc5 14.Rd1 Bd7 15.exd5 c3
16.Nc4 Ba4 17.Qe2 Bxd1 18.Qxd1 cxb2 19.Bxb2 Bxb2 20.Nxb2 Rb8 21.d6 Rxb2 22.Qd4 Rb5
23.Qc4 Ra5 24.dxe7 Qxe7 25.Re1 Ne6 26.Bh3 Qxa3 27.Kg2 Ng5 28.Nxg5 Rxg5 29.Kg1 Re5
30.Rxe5 Qa1+ 31.Bf1 Qxe5 32.Qa6 Qd4 33.h4 Rb8 34.h5 Kg7 35.Be2 Rb6 36.Qc8 Rf6  0-1

[Event "Moscow-ch"]
[Site "Moscow"]
[Date "1996.??.??"]
[Round "5"]
[White "Chasovnikova, Eugenia"]
[Black "Ulko, Jaroslav"]
[Result "0-1"]
[WhiteElo "2125"]
[BlackElo "2325"]

1.Nf3 d5 2.c4 d4 3.e3 Nc6 4.exd4 Nxd4 5.Nxd4 Qxd4 6.Nc3 Nf6 7.Nb5 Qb6 8.d4 c6
9.Nc3 Bg4 10.f3 Bf5 11.c5 Qc7 12.Bc4 e5 13.Qe2 O-O-O 14.dxe5 Re8 15.f4 Bxc5
16.Be3 Bg4 17.Qf2 Rxe5 18.fxe5 Qxe5 19.Qf4 Re8 20.Qxe5 Rxe5 21.O-O Bxe3+
22.Kh1 b5 23.Bxf7 b4 24.Nd1 Bc5 25.a3 bxa3 26.bxa3 Ne4 27.Nb2 Be2 28.g3 Bd4
29.Nc4 Bxa1 30.Rxa1 Re7 31.Bg8 Nf6 32.Nd6+ Kc7 33.Nf5 Re5 34.Nd4 Bg4 35.Bb3 Re4
36.Nc2 c5 37.Rc1 Kd6 38.Re1 c4 39.Rxe4 cxb3 40.Rc4 Be6 41.Ne3 Bxc4 42.Nxc4+ Kc5
43.Ne5 Kd4  0-1

[Event "RUS-Cup2"]
[Site "Moscow"]
[Date "1996.??.??"]
[Round "5"]
[White "Zlochevskij, Alexander"]
[Black "Sveshnikov, Evgeny"]
[Result "1/2-1/2"]
[WhiteElo "2415"]
[BlackElo "2535"]

1.Nf3 d5 2.c4 e6 3.g3 c6 4.b3 Nf6 5.Bg2 Bd6 6.Bb2 Nbd7 7.d4 Ne4 8.O-O h5
9.Ba3 Bxa3 10.Nxa3 Qf6 11.Nc2 g5 12.Nd2 Qg6 13.Nxe4 dxe4 14.d5 e5 15.Qd2 c5
16.d6 b6 17.Qd5 Rb8 18.Qxe4 Qxd6 19.Rad1 Qe6 20.Ne3 Nf6 21.Qd3 O-O 22.Rd2 Bb7
23.Qf5 Qxf5 24.Nxf5 Rfe8 25.Bxb7 Rxb7 26.Rfd1 Re6 27.Kg2 Kh7 28.Rd8 Kg6 29.Nd6 Rbe7
30.Nb5 a6 31.Nc3 Rb7 32.R1d6 Kf5 33.Na4 Ne4 34.R6d7 Rxd7 35.Rxd7 b5 36.Nb2 f6
37.f3 Nc3 38.e4+ Kg6 39.a3 Rb6 40.Nd3 bxc4 41.bxc4 g4 42.f4 exf4 43.Nxf4+ Kh6
44.Re7 Rb2+ 45.Kg1 Ne2+ 46.Nxe2 Rxe2 47.Rc7 Re3 48.Rxc5 Rxa3 49.e5 fxe5  1/2-1/2

[Event "Moscow Alekhine op"]
[Site "Moscow"]
[Date "1996.??.??"]
[Round "5"]
[White "Shestakov, Sergei S"]
[Black "Vaulin, Alexander"]
[Result "1/2-1/2"]
[WhiteElo "2305"]
[BlackElo "2480"]

1.Nf3 d5 2.c4 d4 3.g3 Nc6 4.Bg2 e5 5.O-O Nf6 6.d3 Be7 7.b4 e4 8.dxe4 Bxb4
9.Bb2 Be6 10.e5 Nd7 11.Nxd4 Nxd4 12.Qxd4 c6 13.a3 Bc5 14.Qf4 Qb6 15.Bc3 Qb3
16.Qf3 Qxc4 17.Nd2 Qg4 18.Ne4  1/2-1/2

[Event "Moscow Alekhine op"]
[Site "Moscow"]
[Date "1996.??.??"]
[Round "6"]
[White "Khromov, Vladimir V"]
[Black "Donchenko, Anatoly G"]
[Result "0-1"]
[WhiteElo "2235"]
[BlackElo "2385"]

1.Nf3 d5 2.c4 e6 3.d4 Nf6 4.Nc3 dxc4 5.Bg5 Bb4 6.e4 c5 7.Bxc4 cxd4 8.Bxf6 Qxf6
9.Qxd4 Nc6 10.Qxf6 gxf6 11.Rc1 Bd7 12.Ke2 Ke7 13.a3 Bd6 14.Rhd1 Rhc8 15.Nb5 Bf4
16.Rb1 Nb4 17.b3 Na2 18.Rxd7+ Kxd7 19.g3 a6 20.Rb2 Nc1+ 21.Kd1 axb5 22.Bxb5+ Ke7
23.gxf4 Rxa3 24.Bc4 Na2 25.Nd2 b5 26.Nb1 Nc3+ 27.Nxc3 bxc4 28.Kc2 cxb3+ 29.Rxb3 Ra2+
30.Rb2 Rxb2+ 31.Kxb2 Rg8  0-1

[Event "Moscow Alekhine op"]
[Site "Moscow"]
[Date "1996.??.??"]
[Round "6"]
[White "Krechetov, Alexander"]
[Black "Nedochetov, M."]
[Result "1-0"]
[WhiteElo "2325"]
[BlackElo "2200"]

1.Nf3 d5 2.c4 c6 3.d4 Nf6 4.Nc3 dxc4 5.a4 Bg4 6.Ne5 Bh5 7.f3 Nfd7 8.Nxc4 e5
9.Ne4 Bb4+ 10.Bd2 Qe7 11.Bxb4 Qxb4+ 12.Qd2 Qxd2+ 13.Kxd2 exd4 14.Ned6+ Kd8
15.h4 Nc5 16.Ke1 Kc7 17.g4 Bg6 18.h5 Bc2 19.Nxf7 Rf8 20.Ng5 Nba6 21.h6 gxh6
22.Rxh6 Rae8 23.Kf2 Nb4 24.Na3 Bxa4 25.Kg3 Nd5 26.Rc1 Nb3 27.Rc4 Nb6 28.Ne6+ Rxe6
29.Rxe6 Nxc4 30.Nxc4 Rf7 31.Ne5 Rg7 32.f4 Nc5 33.Rh6 Bc2 34.Bg2 Ne4+ 35.Bxe4 Bxe4
36.Kh4 Re7 37.Kg5 b5 38.Kf6 Kd6 39.Nf7+ Kd7 40.f5 Bd5 41.Rxh7 Rxf7+ 42.Rxf7+ Bxf7
43.Kxf7 c5 44.g5 c4 45.g6 c3 46.bxc3 dxc3 47.g7 c2 48.g8=Q c1=Q 49.Qe8+ Kd6
50.Qxb5 Qg5 51.Qa6+  1-0

[Event "Moscow Alekhine op"]
[Site "Moscow"]
[Date "1996.??.??"]
[Round "7"]
[White "Shestakov, Sergei S"]
[Black "Grabuzova, Tatiana"]
[Result "1/2-1/2"]
[WhiteElo "2305"]
[BlackElo "2245"]

1.Nf3 d5 2.c4 d4 3.g3 Nc6 4.Bg2 e5 5.O-O Nf6 6.d3 a5 7.Na3 Be7 8.Nc2 O-O
9.a3 Bg4 10.Bd2 e4 11.dxe4 Nxe4 12.Bf4 Bf6 13.Nce1 Re8 14.Nd3 Qd7 15.Re1 Re7
16.Qb3 g5 17.Bc1 Rae8 18.Qc2 Qf5 19.Bd2 Nc5 20.b4 Rxe2 21.bxc5 Bxf3 22.Bf1 Rxe1
23.Rxe1 Ne5 24.Qb3 Bc6 25.Nxe5 Rxe5 26.Rxe5 Bxe5 27.Bg2 a4 28.Qd1 d3 29.Bxc6 bxc6
30.Be3 g4 31.Qxa4 Qf3 32.Qa8+ Kg7 33.Qd8 Qd1+ 34.Kg2 Qf3+ 35.Kg1 Qd1+ 36.Kg2 Qf3+
37.Kg1  1/2-1/2

[Event "Moscow-ch"]
[Site "Moscow"]
[Date "1996.??.??"]
[Round "7"]
[White "Tunik, Gennady"]
[Black "Yakovich, Yuri"]
[Result "1/2-1/2"]
[WhiteElo "2440"]
[BlackElo "2530"]

1.Nf3 d5 2.c4 e6 3.e3 Nf6 4.d4 Be7 5.Nc3 O-O 6.a3 c5 7.dxc5 dxc4 8.Qxd8 Rxd8
9.Bxc4 Bxc5 10.Ke2 Nbd7 11.Rd1 b6 12.b3 Bb7 13.Bb2 a6 14.Rac1 Be7 15.Kf1 Rac8
16.Be2  1/2-1/2

[Event "Moscow-ch"]
[Site "Moscow"]
[Date "1996.??.??"]
[Round "8"]
[White "Khromov, Vladimir V"]
[Black "Ushakova, Natalia"]
[Result "1-0"]
[WhiteElo "2240"]
[BlackElo "2090"]

1.Nf3 d5 2.c4 d4 3.e3 dxe3 4.fxe3 Nf6 5.d4 Bg4 6.Be2 e6 7.O-O Be7 8.Nc3 O-O
9.e4 c5 10.d5 exd5 11.cxd5 Bxf3 12.gxf3 Re8 13.e5 Nfd7 14.f4 a6 15.a4 Kh8
16.Bd3 Nf8 17.Rf3 Nbd7 18.d6 Bh4 19.Rh3 Nxe5 20.fxe5 Rxe5 21.Bd2 Qxd6 22.Qg4 Bg5
23.Bxg5 Qd4+ 24.Qxd4 Rxg5+ 25.Kh1 cxd4 26.Ne4 Re5 27.Rf1 f6 28.Nd6 Re7 29.Bc4 h6
30.Rd3 Rd7 31.Rxd4 Rad8 32.Rfd1 Kh7 33.a5 Ng6 34.Bd3 h5 35.Bf5 Rc7 36.Rg1  1-0

[Event "Muenster op"]
[Site "Muenster"]
[Date "1996.??.??"]
[Round "6"]
[White "Espig, Lutz"]
[Black "Slobodjan, Roman"]
[Result "1/2-1/2"]
[WhiteElo "2395"]
[BlackElo "2520"]

1.Nf3 d5 2.c4 d4 3.e3 Nc6 4.exd4 Nxd4 5.Nxd4 Qxd4 6.d3 e5 7.Nc3 Ne7 8.Qe2 Bg4
9.f3 Bd7 10.Be3 Qd6 11.O-O-O Nf5 12.d4 O-O-O 13.c5 Qe7 14.c6 exd4 15.cxb7+ Kb8
16.Bxd4 Qg5+ 17.Qd2 Qxd2+ 18.Rxd2 Nxd4 19.Rxd4 Bc5 20.Rd5 Be3+ 21.Kc2 c6
22.Rd1 Kxb7 23.Bc4 Bf5+ 24.Bd3 Be6 25.Rhe1 Bd4 26.b3 Rhe8 27.Ne4 h6  1/2-1/2

[Event "Munich op"]
[Site "Munich"]
[Date "1996.??.??"]
[Round "?"]
[White "Jirovsky, Milos"]
[Black "Wichmann, Cliff"]
[Result "1/2-1/2"]
[WhiteElo "2420"]
[BlackElo "2215"]

1.Nf3 d5 2.c4 d4 3.e3 c5 4.exd4 cxd4 5.Bd3 Nc6 6.O-O g6 7.Bc2 Bg7 8.d3 Nf6
9.Ba4 O-O 10.Bg5 h6 11.Bxf6 Bxf6 12.Na3 Qa5 13.h3 Qh5 14.Nb5 Rb8 15.Re1 Rd8
16.Nc7 e6 17.Qd2 g5 18.Na6 bxa6 19.Bxc6 Be7 20.Ne5 Bb4 21.Qc2 Bxe1 22.Bf3 g4  1/2-1/2

[Event "JUG-ch op"]
[Site "Nis"]
[Date "1996.??.??"]
[Round "5"]
[White "Damljanovic, Branko"]
[Black "Lekic, Dusan"]
[Result "1/2-1/2"]
[WhiteElo "2510"]
[BlackElo "2420"]

1.Nf3 d5 2.c4 c6 3.d4 Nf6 4.Qc2 dxc4 5.Qxc4 Bf5 6.Nc3 e6 7.g3 Na6 8.a3 Nc7
9.Bg2 Ncd5 10.O-O Nxc3 11.bxc3 Be4 12.Qb3 b5 13.a4 Qd5 14.Qb2 a5 15.Bf4 Be7
16.Ne1 Bxg2 17.Nxg2 O-O 18.Ne3 Qd7 19.Rfb1 b4 20.cxb4 axb4 21.Nc4 Ra6 22.Rc1 c5
23.Be5 Ng4 24.dxc5 Bxc5 25.e3 f6 26.Bd4 Bxd4 27.exd4 Rd8 28.Qxb4 Qxd4 29.Qe1 Rc8
30.Rd1 Qxf2+ 31.Qxf2 Nxf2 32.Rd6 Ra7 33.Kxf2 Rxc4 34.Rxe6 Raxa4 35.Rxa4 Rxa4
36.h3 Kf7 37.Rb6 h5  1/2-1/2